Statistics for Missing word in rapper's name.

Click here to take the quiz!

General Stats

  • This quiz has been taken 1,772 times
  • The average score is 17 of 21

Answer Stats

HintAnswer% Correct
__. DreDr
99%
___ CubeIce
98%
Kendrick _____Lamar
98%
Kanye ____West
98%
Snoop ____Dogg
97%
_____ MinajNicki
97%
___ KhalifaWiz
97%
___-ZJay
96%
Meek ____Mill
96%
_______ Gun KellyMachine
95%
Ty Dolla ____Sign
92%
Mac ______Miller
90%
___ SeanBig
89%
_____ ManeGucci
88%
ScHoolboy _Q
75%
_____ GatesKevin
71%
Method ___Man
67%
_-40E
60%
_________ KillahGhostface
50%
___ InkKid
46%
Dej ____Loaf
30%

Score Distribution

Percentile by Number Answered

Percent of People with Each Score

Your Score History

You have not taken this quiz